[Event "Lloyds Bank Masters 05th"]
[Site "London"]
[Date "1981.08.26"]
[Round "2"]
[White "Strauss, David Jonathan"]
[Black "Ravikumar, Vaidyanathan"]
[Result "1-0"]
[WhiteElo "2410"]
[BlackElo "2325"]
[PlyCount "71"]
[EventDate "1981.08.25"]
[EventType "swiss"]
[EventRounds "9"]
[EventCountry "ENG"]
[SourceTitle "BritBase"]
[Source "John Saunders"]
[SourceDate "2023.12.16"]
[SourceVersion "1"]
[SourceVersionDate "2023.12.16"]
[SourceQuality "1"]

1. e4 e6 2. d4 d5 3. Nd2 Nf6 4. e5 Nfd7 5. Bd3 c5 6. c3 Nc6 7. Ne2 b6 8. O-O
cxd4 9. cxd4 Nb4 10. Bb1 Ba6 11. Nf3 Rc8 12. a3 Nc6 13. Re1 Ndb8 14. Nf4 h6 15.
h4 Qd7 16. Bd2 Kd8 17. h5 Kc7 18. Bd3 Kb7 19. Bxa6+ Nxa6 20. b4 Ncb8 21. Qb3 b5
22. Nd3 Rc4 23. a4 Nc7 24. axb5 Nxb5 25. Ra5 a6 26. Rea1 Be7 27. Be3 Rhc8 28.
Nc5+ Bxc5 29. bxc5 Kc7 30. Qb2 Kd8 31. Nd2 Ke8 32. Nxc4 dxc4 33. Qc2 c3 34. Qh7
Nxd4 35. Bxd4 Qxd4 36. Qg8+ 1-0

[Event "Lloyds Bank Masters 05th"]
[Site "London"]
[Date "1981.08.26"]
[Round "2"]
[White "Van Parreren, Hanneke"]
[Black "Kosten, Anthony C"]
[Result "0-1"]
[WhiteElo "2315"]
[BlackElo "2040"]
[PlyCount "80"]
[EventDate "1981.08.25"]
[EventType "swiss"]
[EventRounds "9"]
[EventCountry "ENG"]
[SourceTitle "BritBase"]
[Source "John Saunders"]
[SourceDate "2023.12.16"]
[SourceVersion "1"]
[SourceVersionDate "2023.12.16"]
[SourceQuality "1"]

1. e4 g6 2. d4 Bg7 3. Nf3 d6 4. Nc3 Nf6 5. Be2 O-O 6. h3 c6 7. a4 Nbd7 8. O-O
e5 9. Re1 exd4 10. Nxd4 Re8 11. Bf1 Nc5 12. f3 Nh5 13. Be3 Qf6 14. Qd2 g5 15.
Nde2 Ne6 16. Qxd6 Bf8 17. Qh2 Nhf4 18. Rad1 Qe5 19. g3 Nxe2+ 20. Rxe2 Bc5 21.
Bxc5 Qxc5+ 22. Qf2 Qb4 23. Qe3 Qxb2 24. Red2 Qb6 25. Qxb6 axb6 26. Rb1 Nc5 27.
Rd4 Nd7 28. Kg2 Ra5 29. Bc4 Ne5 30. Be2 Rc5 31. Rb3 Be6 32. Ra3 Bc4 33. Kf2
Bxe2 34. Kxe2 Re6 35. Rb4 Rh6 36. Kf2 Rf6 37. Ne2 Rxc2 38. f4 gxf4 39. gxf4
Rxf4+ 40. Ke3 Rf3+ 0-1

[Event "Lloyds Bank Masters 05th"]
[Site "London"]
[Date "1981.08.26"]
[Round "2"]
[White "Van der Vliet, Fredrik"]
[Black "Fischdick, Gisela"]
[Result "1-0"]
[WhiteElo "2380"]
[BlackElo "2220"]
[PlyCount "75"]
[EventDate "1981.08.25"]
[EventType "swiss"]
[EventRounds "9"]
[EventCountry "ENG"]
[SourceTitle "BritBase"]
[Source "John Saunders"]
[SourceDate "2023.12.16"]
[SourceVersion "1"]
[SourceVersionDate "2023.12.16"]
[SourceQuality "1"]

1. d4 Nf6 2. c4 e6 3. g3 c5 4. Nf3 cxd4 5. Nxd4 Qc7 6. b3 a6 7. Bg2 Be7 8. O-O
O-O 9. Bb2 d6 10. Nc3 Nc6 11. Rc1 Nxd4 12. Qxd4 Rd8 13. Na4 Bd7 14. Nb6 Rab8
15. Nxd7 Qxd7 16. Rfd1 b5 17. e4 e5 18. Qd3 Qb7 19. Qe2 Rbc8 20. c5 dxc5 21.
Bxe5 Qb6 22. Bb2 Qe6 23. Bf3 Rxd1+ 24. Rxd1 Re8 25. e5 Bf8 26. Rd2 Qf5 27. Qd3
Rxe5 28. Bxe5 Qxe5 29. Kg2 h6 30. Qd8 c4 31. bxc4 bxc4 32. Qd4 Qe1 33. Rc2 Nh7
34. h4 a5 35. Rxc4 Nf6 36. Rc8 Qe6 37. Qd8 Nh7 38. Bd5 1-0

[Event "Lloyds Bank Masters 05th"]
[Site "London"]
[Date "1981.08.27"]
[Round "3"]
[White "Arnason, Jon L"]
[Black "Seirawan, Yasser"]
[Result "1-0"]
[WhiteElo "2440"]
[BlackElo "2565"]
[PlyCount "87"]
[EventDate "1981.08.25"]
[EventType "swiss"]
[EventRounds "9"]
[EventCountry "ENG"]
[SourceTitle "BritBase"]
[Source "John Saunders"]
[SourceDate "2023.12.16"]
[SourceVersion "1"]
[SourceVersionDate "2023.12.16"]
[SourceQuality "1"]

1. e4 c6 2. d4 d5 3. Nd2 dxe4 4. Nxe4 Bf5 5. Nc5 b6 6. Nb3 Nf6 7. Nf3 e6 8. g3
Bd6 9. Bg2 Qc7 10. O-O Nbd7 11. Re1 O-O 12. Qe2 Rac8 13. Ne5 c5 14. Nxd7 Nxd7
15. dxc5 bxc5 16. Bd2 Nb6 17. c4 Na4 18. Rad1 Bc2 19. Rc1 Bg6 20. Rcd1 h6 21.
Ba5 Qb8 22. Rd2 Bc7 23. Rd7 Rfd8 24. Red1 Bb6 25. Bxb6 Qxb6 26. Bc6 Qxc6 27.
Rxd8+ Rxd8 28. Rxd8+ Kh7 29. f3 Qb6 30. Rd2 Qb4 31. Nc1 Nb6 32. b3 Qc3 33. Nd3
Nd7 34. Rd1 e5 35. Qe1 Qc2 36. Qd2 Qxd2 37. Rxd2 f5 38. Nf4 Be8 39. Ne6 Nf6 40.
Nxc5 Bh5 41. Nd7 Bxf3 42. Nxf6+ gxf6 43. Rd7+ Kg6 44. Rxa7 1-0

[Event "Lloyds Bank Masters 05th"]
[Site "London"]
[Date "1981.08.27"]
[Round "3"]
[White "Cardon, Helmut"]
[Black "Cummings, David H"]
[Result "1-0"]
[WhiteElo "2265"]
[BlackElo "2310"]
[PlyCount "75"]
[EventDate "1981.08.25"]
[EventType "swiss"]
[EventRounds "9"]
[EventCountry "ENG"]
[SourceTitle "BritBase"]
[Source "John Saunders"]
[SourceDate "2023.12.16"]
[SourceVersion "1"]
[SourceVersionDate "2023.12.16"]
[SourceQuality "1"]

1. d4 Nf6 2. c4 e6 3. Nc3 Bb4 4. e3 c5 5. Nge2 cxd4 6. exd4 O-O 7. a3 Be7 8. d5
exd5 9. cxd5 Re8 10. Be3 d6 11. h3 Nbd7 12. Ng3 Ne5 13. Be2 a6 14. f4 Ned7 15.
O-O Bf8 16. Bf2 b5 17. Bf3 Bb7 18. Nf5 Rc8 19. Rc1 Rc4 20. Ne3 Rc8 21. Nc2 Nc5
22. Nb4 Nce4 23. Nxe4 Nxe4 24. Bd4 Nc5 25. Bg4 Rc7 26. Nc6 Qa8 27. b4 Na4 28.
Bf3 Be7 29. Kh2 Qc8 30. Qd3 Bf8 31. Rfe1 Rxe1 32. Rxe1 f5 33. Qe3 Rf7 34. Qe8
Qxe8 35. Rxe8 Rc7 36. Nd8 Rc8 37. h4 Ba8 38. Bxg7 1-0

[Event "Lloyds Bank Masters 05th"]
[Site "London"]
[Date "1981.08.27"]
[Round "3"]
[White "Gheorghiu, Florin"]
[Black "Van der Vliet, Fredrik"]
[Result "1-0"]
[WhiteElo "2560"]
[BlackElo "2380"]
[PlyCount "130"]
[EventDate "1981.08.25"]
[EventType "swiss"]
[EventRounds "9"]
[EventCountry "ENG"]
[SourceTitle "BritBase"]
[Source "John Saunders"]
[SourceDate "2023.12.16"]
[SourceVersion "1"]
[SourceVersionDate "2023.12.16"]
[SourceQuality "1"]

1. d4 Nf6 2. c4 e6 3. Nf3 b6 4. g3 Bb7 5. Bg2 Bb4+ 6. Bd2 Bxd2+ 7. Qxd2 O-O 8.
Nc3 d6 9. O-O Nbd7 10. Qc2 e5 11. Rfd1 Bxf3 12. Bxf3 Rb8 13. Qa4 exd4 14. Rxd4
a5 15. Qd1 Ne5 16. Bg2 Re8 17. Rc1 Qd7 18. Nd5 Nxd5 19. cxd5 Re7 20. Rd2 Qd8
21. Rdc2 Rb7 22. b3 Ra7 23. Rc3 Nd7 24. a3 Nf6 25. e3 Qd7 26. Qd3 Qe8 27. h3
Qd7 28. Kh2 Qe8 29. R3c2 Qd8 30. Rc3 Qe8 31. R1c2 Qd8 32. e4 Nd7 33. Qd4 Nf6
34. f3 Ne8 35. h4 Qd7 36. Bh3 Qd8 37. Rc6 Ra8 38. g4 Re5 39. f4 Re7 40. g5 g6
41. Bg4 Ng7 42. Kg3 Qe8 43. Kf3 Qd8 44. R2c4 Rb8 45. Rc2 Ra8 46. Rh2 Qe8 47.
Rhc2 Ra7 48. Rxd6 cxd6 49. Rc8 Qxc8 50. Bxc8 Rac7 51. Ba6 Rc1 52. a4 Rc5 53.
Bc4 Rd7 54. Kg4 Re7 55. Kf3 Re8 56. Bb5 Rd8 57. Qf6 Rdc8 58. Bc6 Ne8 59. Qe7
Rc3+ 60. Ke2 Ng7 61. Qb7 Rf8 62. Qxb6 Nh5 63. Kd2 Rf3 64. e5 Nxf4 65. exd6 Rd3+
1-0

[Event "Lloyds Bank Masters 05th"]
[Site "London"]
[Date "1981.08.27"]
[Round "3"]
[White "Jackson, Sheila"]
[Black "Keene, Raymond Dennis"]
[Result "0-1"]
[WhiteElo "2165"]
[BlackElo "2475"]
[PlyCount "64"]
[EventDate "1981.08.25"]
[EventType "swiss"]
[EventRounds "9"]
[EventCountry "ENG"]
[SourceTitle "BritBase"]
[Source "John Saunders"]
[SourceDate "2023.12.16"]
[SourceVersion "1"]
[SourceVersionDate "2023.12.16"]
[SourceQuality "1"]

1. e4 g6 2. d4 Bg7 3. g3 d5 4. e5 c5 5. c3 Nc6 6. Bg2 cxd4 7. cxd4 Qb6 8. Ne2
Bg4 9. Nbc3 Bxe2 10. Nxe2 e6 11. O-O Nge7 12. b3 O-O 13. Bb2 Bh6 14. Bh3 Rac8
15. f4 Rc7 16. Kh1 Rfc8 17. Qd2 Nxe5 18. Bc3 N5c6 19. b4 Nf5 20. Bxf5 exf5 21.
a4 Nb8 22. Rac1 Nd7 23. b5 Qe6 24. Ba5 b6 25. Rxc7 Rxc7 26. Bc3 Nf6 27. Qd3 Ne4
28. Bb2 Rc4 29. Qd1 Qc8 30. Qa1 Rc2 31. Nc1 Qc4 32. Re1 Rf2 0-1

[Event "Lloyds Bank Masters 05th"]
[Site "London"]
[Date "1981.08.27"]
[Round "3"]
[White "Jordan, William J (Bill)"]
[Black "Cartmel, Karen"]
[Result "0-1"]
[WhiteElo "2205"]
[BlackElo "1840"]
[PlyCount "64"]
[EventDate "1981.08.25"]
[EventType "swiss"]
[EventRounds "9"]
[EventCountry "ENG"]
[SourceTitle "BritBase"]
[Source "John Saunders"]
[SourceDate "2023.12.16"]
[SourceVersion "1"]
[SourceVersionDate "2023.12.16"]
[SourceQuality "1"]

1. Nf3 d5 2. g3 c5 3. Bg2 Nc6 4. O-O Nf6 5. d3 e6 6. Nbd2 Be7 7. e4 O-O 8. e5
Nd7 9. Re1 Qc7 10. Qe2 f6 11. exf6 Nxf6 12. Bh3 Bd6 13. Bxe6+ Bxe6 14. Qxe6+
Kh8 15. Nf1 Rae8 16. Qh3 Nd4 17. N1d2 Nxc2 18. Rxe8 Rxe8 19. Rb1 Nb4 20. Nf1
Nxd3 21. Bg5 Ne4 22. Ne3 Ndxf2 23. Qh5 g6 24. Qh4 Qf7 25. Kg2 Rf8 26. Bf4 Nd3
27. Rf1 Bxf4 28. Ne5 Nxe5 29. Rxf4 Qg7 30. Nxd5 Rxf4 31. Qxf4 Nd6 32. Nf6 Ndf7
0-1

[Event "Lloyds Bank Masters 05th"]
[Site "London"]
[Date "1981.08.27"]
[Round "3"]
[White "Kraidman, Yair"]
[Black "Hawksworth, John C"]
[Result "1/2-1/2"]
[WhiteElo "2440"]
[BlackElo "2220"]
[PlyCount "78"]
[EventDate "1981.08.25"]
[EventType "swiss"]
[EventRounds "9"]
[EventCountry "ENG"]
[SourceTitle "BritBase"]
[Source "John Saunders"]
[SourceDate "2023.12.16"]
[SourceVersion "1"]
[SourceVersionDate "2023.12.16"]
[SourceQuality "1"]

1. d4 Nf6 2. c4 e6 3. Nf3 b6 4. e3 Bb7 5. Bd3 d5 6. O-O Bd6 7. b3 O-O 8. Bb2 c5
9. Nbd2 Nc6 10. Rc1 Re8 11. Qe2 e5 12. cxd5 Nxd5 13. dxc5 Bxc5 14. Ne4 Ndb4 15.
Nxc5 bxc5 16. Bc4 Nxa2 17. Rc2 Qe7 18. Rd1 Rad8 19. Rcd2 Rxd2 20. Rxd2 Nab4 21.
Qd1 Bc8 22. Qa1 Be6 23. Nxe5 Nxe5 24. Bxe5 Bxc4 25. bxc4 Rd8 26. Rxd8+ Qxd8 27.
h3 f6 28. Bg3 a6 29. Qa4 h6 30. h4 Qd3 31. Qe8+ Kh7 32. Qe6 a5 33. Bd6 a4 34.
Bxc5 a3 35. Bxb4 a2 36. Bc3 Qxc3 37. Qf5+ Kg8 38. Qd5+ Kh7 39. Qf5+ Kh8 1/2-1/2

[Event "Lloyds Bank Masters 05th"]
[Site "London"]
[Date "1981.08.27"]
[Round "3"]
[White "Martin, Andrew D"]
[Black "Freeman, Michael Joseph"]
[Result "1/2-1/2"]
[WhiteElo "2345"]
[BlackElo "2090"]
[PlyCount "76"]
[EventDate "1981.08.25"]
[EventType "swiss"]
[EventRounds "9"]
[EventCountry "ENG"]
[SourceTitle "BritBase"]
[Source "John Saunders"]
[SourceDate "2023.12.16"]
[SourceVersion "1"]
[SourceVersionDate "2023.12.16"]
[SourceQuality "1"]

1. c4 c6 2. Nf3 d5 3. e3 Nf6 4. Nc3 e6 5. b3 Nbd7 6. Bb2 Bd6 7. Be2 O-O 8. Rc1
Qe7 9. cxd5 exd5 10. Nd4 Ne5 11. Qc2 Ba3 12. Bxa3 Qxa3 13. O-O Re8 14. Na4 Qe7
15. Nf5 Bxf5 16. Qxf5 Ng6 17. d4 Ne4 18. g3 Rad8 19. Nc5 Nd6 20. Qh3 f5 21. Rc2
Rf8 22. Bd3 Rf6 23. b4 Ne4 24. Rb1 Ng5 25. Qg2 h5 26. h4 Ne4 27. Be2 f4 28.
exf4 Nxf4 29. gxf4 Rdd6 30. Bxh5 Rh6 31. Nxe4 dxe4 32. Rc5 Rd5 33. Rxd5 cxd5
34. Bg4 Qxh4 35. Rc1 Rg6 36. Rc8+ Kf7 37. Be6+ Rxe6 38. f5 Rc6 {Source:
chessgames.com} 1/2-1/2

[Event "Lloyds Bank Masters 05th"]
[Site "London"]
[Date "1981.08.27"]
[Round "3"]
[White "McCambridge, Vincent"]
[Black "Hebden, Mark L"]
[Result "0-1"]
[WhiteElo "2350"]
[BlackElo "2315"]
[PlyCount "130"]
[EventDate "1981.08.25"]
[EventType "swiss"]
[EventRounds "9"]
[EventCountry "ENG"]
[SourceTitle "BritBase"]
[Source "John Saunders"]
[SourceDate "2023.12.16"]
[SourceVersion "1"]
[SourceVersionDate "2023.12.16"]
[SourceQuality "1"]

1. d4 Nf6 2. c4 c5 3. d5 b5 4. Nf3 Bb7 5. a4 a6 6. axb5 axb5 7. Rxa8 Bxa8 8.
Nc3 Qa5 9. Nd2 b4 10. Nb3 Qb6 11. Na4 Qc7 12. Naxc5 e6 13. Nd3 Qxc4 14. dxe6
fxe6 15. f3 Bd5 16. Nd2 Qh4+ 17. g3 Qd4 18. e4 Bb7 19. Nb3 Qb6 20. Qe2 Ba6 21.
Be3 Qc7 22. Bf4 Qc8 23. Qd1 Be7 24. Be2 O-O 25. O-O Nc6 26. Qc2 Qe8 27. Ra1 Bb5
28. Kg2 Qh5 29. Nf2 Bxe2 30. Qxe2 Qg6 31. Be3 h5 32. Nd2 h4 33. g4 Bd6 34. Nc4
Bc7 35. Kh1 d5 36. exd5 exd5 37. Nd2 Re8 38. Nf1 Nd4 39. Qa6 Nxf3 40. Rc1 Bxh2
41. Rc8 Be5 42. g5 Kh7 43. Rxe8 Nxe8 44. Qc8 d4 45. Bc1 d3 46. Qg4 Qc6 47. Ne4
Nd6 48. Nxd6 Nd2+ 49. Qg2 Qxg2+ 50. Kxg2 Nxf1 51. Nc4 Bxb2 52. Bf4 Bc3 53. Kxf1
b3 54. Na3 Kg6 55. Nb1 Kf5 56. Be3 Be5 57. Nd2 b2 58. Nb1 g6 59. Kg2 Bf4 60.
Bd4 d2 61. Nxd2 Bxd2 62. Bxb2 Kg4 63. Bg7 Bxg5 64. Bf8 Kh5 65. Bc5 Bf6 0-1

[Event "Lloyds Bank Masters 05th"]
[Site "London"]
[Date "1981.08.27"]
[Round "3"]
[White "Shamkovich, Leonid A"]
[Black "Chandler, Murray G"]
[Result "1/2-1/2"]
[WhiteElo "2500"]
[BlackElo "2530"]
[PlyCount "58"]
[EventDate "1981.08.25"]
[EventType "swiss"]
[EventRounds "9"]
[EventCountry "ENG"]
[SourceTitle "BritBase"]
[Source "John Saunders"]
[SourceDate "2023.12.16"]
[SourceVersion "1"]
[SourceVersionDate "2023.12.16"]
[SourceQuality "1"]

1. e4 c6 2. d4 d5 3. exd5 cxd5 4. c4 Nf6 5. Nc3 Nc6 6. Bg5 Qa5 7. Bxf6 exf6 8.
cxd5 Bb4 9. Qd2 Bxc3 10. bxc3 Qxd5 11. Nf3 O-O 12. Be2 Na5 13. O-O Be6 14. Qb2
Rac8 15. Nd2 Rfd8 16. Rfd1 b6 17. a3 Qc6 18. Rac1 Nc4 19. Bxc4 Bxc4 20. Re1 Ba6
21. c4 Qd7 22. d5 h6 23. f3 b5 24. cxb5 Bxb5 25. Rxc8 Rxc8 26. Qd4 Rd8 27. Ne4
Qxd5 28. Qxa7 Ra8 29. Qe3 Qe5 1/2-1/2

[Event "Lloyds Bank Masters 05th"]
[Site "London"]
[Date "1981.08.27"]
[Round "3"]
[White "Smyslov, Vassily V"]
[Black "Conquest, Stuart C"]
[Result "1/2-1/2"]
[WhiteElo "2580"]
[BlackElo "2210"]
[PlyCount "84"]
[EventDate "1981.08.25"]
[EventType "swiss"]
[EventRounds "9"]
[EventCountry "ENG"]
[SourceTitle "BritBase"]
[Source "John Saunders"]
[SourceDate "2023.12.16"]
[SourceVersion "1"]
[SourceVersionDate "2023.12.16"]
[SourceQuality "1"]

1. d4 Nf6 2. Nf3 g6 3. Bg5 Ne4 4. Bf4 Bg7 5. Nbd2 d5 6. e3 Nd7 7. Bd3 Ndf6 8.
h3 O-O 9. O-O c5 10. Be5 Bf5 11. dxc5 Nxc5 12. Bxf5 gxf5 13. Qe2 Ncd7 14. Bh2
Ne4 15. Nd4 e6 16. N2b3 Ne5 17. f3 Nd6 18. Rad1 Qb6 19. c3 Nec4 20. Bxd6 Nxd6
21. f4 a5 22. Nc1 Ne4 23. Kh2 Kh8 24. Nd3 Rg8 25. Rf3 Bf6 26. Rg1 Rg6 27. g4
Rag8 28. g5 Bxd4 29. exd4 f6 30. h4 Qc7 31. Kh1 R6g7 32. Nc5 Qf7 33. Nxe4 dxe4
34. Rh3 e5 35. dxe5 fxe5 36. fxe5 Qd5 37. Rf1 Qxe5 38. Rhf3 Rf8 39. Rf4 Qd5 40.
c4 Qe5 41. Qf2 e3 42. Qf3 Re7 1/2-1/2

[Event "Lloyds Bank Masters 05th"]
[Site "London"]
[Date "1981.08.27"]
[Round "3"]
[White "Van der Sterren, Paul"]
[Black "Strauss, David Jonathan"]
[Result "1-0"]
[WhiteElo "2420"]
[BlackElo "2410"]
[PlyCount "51"]
[EventDate "1981.08.25"]
[EventType "swiss"]
[EventRounds "9"]
[EventCountry "ENG"]
[SourceTitle "BritBase"]
[Source "John Saunders"]
[SourceDate "2023.12.16"]
[SourceVersion "1"]
[SourceVersionDate "2023.12.16"]
[SourceQuality "1"]

1. d4 d5 2. c4 c6 3. Nf3 Nf6 4. Nc3 dxc4 5. a4 Bg4 6. Ne5 Bh5 7. g3 e6 8. Bg2
a5 9. O-O Na6 10. Nxc4 Be7 11. h3 Nb4 12. g4 Bg6 13. e4 Nd7 14. f4 f6 15. Be3
Bf7 16. Qe2 O-O 17. Rad1 Re8 18. Kh1 Bf8 19. e5 Nd5 20. Ne4 N7b6 21. Ncd6 Nxa4
22. Nxe8 Qxe8 23. exf6 Nxb2 24. Rde1 Nxe3 25. Qxe3 Nc4 26. Qd3 1-0

[Event "Lloyds Bank Masters 05th"]
[Site "London"]
[Date "1981.08.28"]
[Round "4"]
[White "Filipowicz, Leszek"]
[Black "Jordan, William J (Bill)"]
[Result "0-1"]
[WhiteElo "2200"]
[BlackElo "2205"]
[PlyCount "48"]
[EventDate "1981.08.25"]
[EventType "swiss"]
[EventRounds "9"]
[EventCountry "ENG"]
[SourceTitle "BritBase"]
[Source "John Saunders"]
[SourceDate "2023.12.16"]
[SourceVersion "1"]
[SourceVersionDate "2023.12.16"]
[SourceQuality "1"]

1. e4 c5 2. Nf3 d6 3. d4 Nf6 4. dxc5 Qa5+ 5. Bd2 Qxc5 6. Bd3 g6 7. Bc3 Bg7 8.
Nbd2 Ng4 9. O-O Bxc3 10. bxc3 Qxc3 11. h3 Nf6 12. Nc4 Nbd7 13. Rb1 Nc5 14. Re1
Be6 15. e5 dxe5 16. Ncxe5 O-O 17. Qc1 Kg7 18. Qg5 Bxa2 19. Rb5 Bd5 20. Rxc5
Qxc5 21. Nh4 e6 22. Nexg6 fxg6 23. Nxg6 Qxf2+ 24. Kh2 h6 {Source: Bill Jordan.
Contributed by Paul Summers, 23 December 2022} 0-1

[Event "Lloyds Bank Masters 05th"]
[Site "London"]
[Date "1981.08.28"]
[Round "4"]
[White "Freeman, Michael Joseph"]
[Black "Smyslov, Vassily V"]
[Result "0-1"]
[WhiteElo "2090"]
[BlackElo "2580"]
[PlyCount "74"]
[EventDate "1981.08.25"]
[EventType "swiss"]
[EventRounds "9"]
[EventCountry "ENG"]
[SourceTitle "BritBase"]
[Source "John Saunders"]
[SourceDate "2023.12.16"]
[SourceVersion "1"]
[SourceVersionDate "2023.12.16"]
[SourceQuality "1"]

1. d4 Nf6 2. c4 e6 3. Nc3 Bb4 4. e3 b6 5. Nge2 Ba6 6. a3 Bxc3+ 7. Nxc3 d5 8. b3
O-O 9. Be2 Nc6 10. a4 dxc4 11. bxc4 Qd7 12. Ba3 Rfd8 13. O-O e5 14. d5 Na5 15.
Nb5 c6 16. dxc6 Qxc6 17. Qc2 Bb7 18. Bf3 e4 19. Be2 a6 20. Nd4 Qc7 21. Rab1 Nd7
22. Nf5 Nc5 23. Qb2 f6 24. Qxb6 Qxb6 25. Rxb6 Nxa4 26. Rd6 Nc3 27. Bg4 Nxc4 28.
Nh6+ gxh6 29. Be6+ Kg7 30. Bxc4 Rxd6 31. Bxd6 Rc8 32. Bb3 a5 33. Ra1 a4 34. h4
Rc6 35. Bb4 axb3 {(the score here previously ended here but the bulletin has
four more half-moves)} 36. Ra7 Ne2+ 37. Kf1 Rb6 {Source: bulletin} 0-1

[Event "Lloyds Bank Masters 05th"]
[Site "London"]
[Date "1981.08.28"]
[Round "4"]
[White "Gheorghiu, Florin"]
[Black "Van der Sterren, Paul"]
[Result "1/2-1/2"]
[WhiteElo "2560"]
[BlackElo "2420"]
[PlyCount "40"]
[EventDate "1981.08.25"]
[EventType "swiss"]
[EventRounds "9"]
[EventCountry "ENG"]
[SourceTitle "BritBase"]
[Source "John Saunders"]
[SourceDate "2023.12.16"]
[SourceVersion "1"]
[SourceVersionDate "2023.12.16"]
[SourceQuality "1"]

1. d4 Nf6 2. c4 e6 3. Nf3 b6 4. g3 Bb7 5. Bg2 Be7 6. O-O O-O 7. b3 d5 8. cxd5
exd5 9. Bb2 c5 10. Nc3 Nbd7 11. Rc1 Re8 12. e3 Ne4 13. Qe2 Bf6 14. Rfd1 Rb8 15.
dxc5 Nxc3 16. Bxc3 bxc5 17. Qb2 Qb6 18. Bxf6 Nxf6 19. Qa3 Rbc8 20. Rc2 h6
1/2-1/2

[Event "Lloyds Bank Masters 05th"]
[Site "London"]
[Date "1981.08.28"]
[Round "4"]
[White "Hebden, Mark L"]
[Black "Arnason, Jon L"]
[Result "1/2-1/2"]
[WhiteElo "2315"]
[BlackElo "2440"]
[PlyCount "31"]
[EventDate "1981.08.25"]
[EventType "swiss"]
[EventRounds "9"]
[EventCountry "ENG"]
[SourceTitle "BritBase"]
[Source "John Saunders"]
[SourceDate "2023.12.16"]
[SourceVersion "1"]
[SourceVersionDate "2023.12.16"]
[SourceQuality "1"]

1. e4 e5 2. f4 d5 3. exd5 exf4 4. Nf3 Nf6 5. Bc4 Nxd5 6. O-O Be7 7. d4 O-O 8.
Bxd5 Qxd5 9. Bxf4 c5 10. Nc3 Qc4 11. Qe1 Bf6 12. Bd6 Bxd4+ 13. Kh1 Rd8 14. Bc7
Rf8 15. Bd6 Rd8 16. Bc7 1/2-1/2

[Event "Lloyds Bank Masters 05th"]
[Site "London"]
[Date "1981.08.28"]
[Round "4"]
[White "Keene, Raymond Dennis"]
[Black "Cardon, Helmut"]
[Result "1-0"]
[WhiteElo "2475"]
[BlackElo "2265"]
[PlyCount "77"]
[EventDate "1981.08.25"]
[EventType "swiss"]
[EventRounds "9"]
[EventCountry "ENG"]
[SourceTitle "BritBase"]
[Source "John Saunders"]
[SourceDate "2023.12.16"]
[SourceVersion "1"]
[SourceVersionDate "2023.12.16"]
[SourceQuality "1"]

1. d4 Nf6 2. c4 e6 3. Nc3 c5 4. d5 exd5 5. cxd5 d6 6. e4 g6 7. f3 Bg7 8. Bg5
O-O 9. Qd2 a6 10. a4 Qa5 11. Ra3 Re8 12. Nge2 Nbd7 13. Nc1 Ne5 14. Be2 c4 15.
O-O Rb8 16. Be3 h6 17. Kh1 Kh7 18. Ba7 Ra8 19. Bd4 Rb8 20. N1a2 Qd8 21. a5 Qe7
22. Nb4 Bd7 23. Nc2 Bb5 24. Ne3 Rbc8 25. b3 cxb3 26. Nxb5 axb5 27. Bxb5 Rf8 28.
Rxb3 Nh5 29. f4 Nd7 30. Bxg7 Nxg7 31. Bxd7 Qxd7 32. f5 h5 33. f6 Ne8 34. Nf5
gxf5 35. Rxf5 Qxf5 36. exf5 Rc7 37. Rc3 Rxc3 38. Qxc3 Rg8 39. Qb2 1-0

[Event "Lloyds Bank Masters 05th"]
[Site "London"]
[Date "1981.08.28"]
[Round "4"]
[White "Kosten, Anthony C"]
[Black "Ligterink, Gert"]
[Result "1/2-1/2"]
[WhiteElo "2315"]
[BlackElo "2450"]
[PlyCount "98"]
[EventDate "1981.08.25"]
[EventType "swiss"]
[EventRounds "9"]
[EventCountry "ENG"]
[SourceTitle "BritBase"]
[Source "John Saunders"]
[SourceDate "2023.12.16"]
[SourceVersion "1"]
[SourceVersionDate "2023.12.16"]
[SourceQuality "1"]

1. e4 c5 2. Nf3 e6 3. d4 cxd4 4. Nxd4 Nc6 5. Nb5 d6 6. c4 Nf6 7. N1c3 a6 8. Na3
Be7 9. Be2 O-O 10. O-O b6 11. Be3 Bb7 12. f4 d5 13. cxd5 exd5 14. exd5 Nb4 15.
Qb3 Nbxd5 16. Rfd1 Qe8 17. Nxd5 Nxd5 18. Bd4 Nxf4 19. Bf3 Bxf3 20. Qxf3 Ne6 21.
Bf2 b5 22. Nc2 Bf6 23. Rab1 Qe7 24. Qb3 Rad8 25. Nb4 Nf4 26. Nxa6 Qb7 27. Qf3
Qxf3 28. gxf3 Rxd1+ 29. Rxd1 Bxb2 30. Rb1 Rc8 31. Be3 Bd4 32. Bxd4 Ne2+ 33. Kf2
Nxd4 34. Ke3 Rc4 35. Kd3 Nc6 36. Rxb5 Ra4 37. Nb8 Nb4+ 38. Kc3 Nxa2+ 39. Kb3
Ra8 40. Kb2 g6 41. Rb6 Kg7 42. Na6 Rxa6 43. Rxa6 Nb4 44. Rd6 Kf8 45. Rd7 Nc6
46. f4 Ne7 47. Rd8+ Kg7 48. Kc3 Nf5 49. Kd3 Kf6 1/2-1/2

[Event "Lloyds Bank Masters 05th"]
[Site "London"]
[Date "1981.08.29"]
[Round "5"]
[White "Arnason, Jon L"]
[Black "Keene, Raymond Dennis"]
[Result "0-1"]
[WhiteElo "2440"]
[BlackElo "2475"]
[PlyCount "68"]
[EventDate "1981.08.25"]
[EventType "swiss"]
[EventRounds "9"]
[EventCountry "ENG"]
[SourceTitle "BritBase"]
[Source "John Saunders"]
[SourceDate "2023.12.16"]
[SourceVersion "1"]
[SourceVersionDate "2023.12.16"]
[SourceQuality "1"]

1. e4 g6 2. d4 Bg7 3. Nc3 d6 4. f4 Nc6 5. Be3 Nf6 6. h3 O-O 7. g4 e5 8. dxe5
dxe5 9. f5 gxf5 10. exf5 Nd4 11. Bg2 Qe7 12. Qd2 Rd8 13. Qf2 h6 14. O-O-O c5
15. Nge2 a5 16. Ng3 a4 17. g5 hxg5 18. Bxg5 a3 19. Nd5 axb2+ 20. Kb1 Rxd5 21.
Bxf6 Qxf6 22. Bxd5 Qa6 23. c3 c4 24. Qxb2 Nxf5 25. Nxf5 Bxf5+ 26. Ka1 e4 27.
Rhg1 Bg6 28. Rg4 e3 29. Rxc4 Re8 30. Qxb7 e2 31. Re1 Qxc4 32. Bxc4 Bxc3+ 33.
Qb2 Bxe1 34. Bxe2 Bg3 0-1